Statystyki dla Top 10 najludniejszych państw Azji

Kliknij tutaj aby rozwiązać quiz!

Ogólne statystyki

  • Ten quiz został rozwiązany 279 razy
  • Średni wynik to 9 z 10

Statystyki odpowiedzi

Państwo% Poprawnych
Chiny
100%
Indie
97%
Japonia
95%
Rosja
92%
Indonezja
88%
Pakistan
86%
Bangladesz
76%
Wietnam
76%
Turcja
75%
Filipiny
70%

Rozkład punktacji

Percentyl według liczby udzielonych odpowiedzi

Procent ludzi z każdym wynikiem

Twoja historia wyników

Nie rozwiązałeś tego quizu